[Event "Schaffhausen op"]
[Site "Schaffhausen"]
[Date "2024.03.08"]
[Round "1"]
[White "Egger, Jakob"]
[Black "Cervelli, Eduard"]
[Result "0-1"]
[WhiteElo "1674"]
[BlackElo "1964"]
[PlyCount "78"]
[EventDate "2024.03.08"]
[EventType "swiss"]
[EventRounds "5"]
[EventCountry "SUI"]
[SourceTitle "EXT 2025"]
[Source "ChessBase"]
[SourceDate "2024.10.14"]
[SourceVersion "1"]
[SourceVersionDate "2024.10.14"]
[SourceQuality "1"]

1. e4 c5 2. d4 cxd4 3. c3 d3 4. Bxd3 e6 5. c4 Bc5 6. Nc3 Ne7 7. Nf3 d6 8. 0-0 Nbc6 9. a3 0-0 10. b4 Bb6 11. Bb2 Ng6 12. Qd2 Qe7 13. Rac1 Bd7 14. Bb1 Rad8 15. Rfd1 Nce5 16. Nxe5 dxe5 17. Qe2 Nf4 18. Qf3 f5 19. exf5 Bc6 20. Be4 Rxf5 21. Bxc6 Nxg2 22. Qxf5 exf5 23. Rxd8+ Qxd8 24. Bd5+ Kf8 25. Kxg2 Qg5+ 26. Kh1 Qd2 27. Na4 Bxf2 28. Nc5 Bxc5 29. bxc5 Qxb2 30. Rf1 g6 31. c6 bxc6 32. Bxc6 e4 33. Bxe4 Qxa3 34. Bd5 a5 35. Rb1 a4 36. Rb7 Qc1+ 37. Kg2 a3 38. Rxh7 a2 39. Rf7+ Ke8 0-1